Sports Quiz

Random Sports or Football Quiz

Liverpool 2005 Champions League Final Quiz Stats

 Plays Quiz not verified by Sporcle

Score 0/11 Timer 03:00
0 Plays Today
Position Name % Correct
CAMSteven Gerrard
96%
GKJerzy Dudek
94.9%
RCBJamie Carragher
91.4%
CDMXabi Alonso
85.9%
LCBSami Hyypia
77%
RBSteve Finnan
74.9%
RFMilan Baros
74.9%
LMJohn Arne Riise
71.7%
RMLuis Garcia
66.9%
LFHarry Kewell
66.1%
LBDjimi Traore
62.1%

You're not logged in!

Compare scores with friends on all Sporcle quizzes.
OR
Log In

Show Comments

Extras

Top Quizzes Today


Score Distribution

Your Account Isn't Verified!

In order to create a playlist on Sporcle, you need to verify the email address you used during registration. Go to your Sporcle Settings to finish the process.

Report this User

Report this user for behavior that violates our Community Guidelines.

Details: